000 00436nam a2200181Ia 4500
001 73910
008 160804s9999||||xx |||||||||||||| ||und||
020 _aNA
040 _cPK-LaUMT
082 _a 891.4393
_bSHA-C
100 _aShahid Qureshi
245 _aChalay gae woh aa kar bhi (Urdu)/
_cShahid Qureshi
250 _a2nd
260 _aHyderabad:
_bKoveeta Publications,
_c2007
300 _a160 p
546 _aUR
942 _cBK
999 _c87054
_d87054